La escuela inglesa de pintura (Record no. 186944)

MARC details
000 -LEADER
campo de control de longitud fija 00943nam a2200265 i 4500
001 - NÚMERO DE CONTROL
campo de control 186944
003 - IDENTIFICADOR DE NÚMERO DE CONTROL
campo de control SpMaBN
005 - FECHA Y HORA DE LA ÚLTIMA TRANSACCIÓN
campo de control 20230906222758.0
008 - DATOS DE LONGITUD FIJA--INFORMACIÓN GENERAL
campo de control de longitud fija 170306s1958 sp a |||| | spa d
080 ## - NÚMERO DE LA CLASIFICACIÓN DECIMAL UNIVERSAL
Número de la Clasificación Decimal Universal 75(420)(091)
100 1# - ENTRADA PRINCIPAL--NOMBRE DE PERSONA
Nombre de persona Digeon, Aurélien.
9 (RLIN) 44796
245 13 - MENCIÓN DEL TÍTULO
Título La escuela inglesa de pintura
Resto del título : precedido de La "manera inglesa" en pintura por Henri Lemaitre /
Mención de responsabilidad, etc. Aurelien Digeon ; traducción de Elisabeth Mulder.
260 ## - PUBLICACIÓN, DISTRIBUCIÓN, ETC.
Lugar de publicación, distribución, etc. Madrid ;
-- Barcelona :
Nombre del editor, distribuidor, etc. Garriga,
Fecha de publicación, distribución, etc. [1958]
300 ## - DESCRIPCIÓN FÍSICA
Extensión 137 p. :
Otras características físicas il. col. ;
Dimensiones 24 cm.
490 1# - MENCIÓN DE SERIE
Mención de serie Colección "Pictura" ;
Designación de volumen o secuencia 5
500 ## - NOTA GENERAL
Nota general Índice.
599 ## - NOTA A LAS ILUSTRACIONES
NOTA A LAS ILUSTRACIONES Con lám. col. adheridas.
650 #7 - PUNTO DE ACCESO ADICIONAL DE MATERIA--TÉRMINO DE MATERIA
Término de materia o nombre geográfico como elemento de entrada Pintura británica-
Subdivisión de forma Historia.
9 (RLIN) 161968
700 1# - ENTRADA AGREGADA--NOMBRE PERSONAL
Nombre de persona Lemaître, Henri.
9 (RLIN) 71456
700 1# - ENTRADA AGREGADA--NOMBRE PERSONAL
Nombre de persona Mulder, Elisabeth.
9 (RLIN) 84098
740 42 - ENTRADA AGREGADA--TÍTULO RELACIONADO/ANALÍTICO NO CONTROLADO
Título relacionado o analítico no controlado La "manera inglesa" en pintura.
830 0# - PUNTO DE ACCESO ADICIONAL DE SERIE-TÍTULO UNIFORME
Título uniforme Colección "Pictura" ;
Designación de volumen o secuencia 5
9 (RLIN) 192706
852 ## - LOCALIZACIÓN
Ubicación ES-MaACL
Número de control de estantería L-31187
Nota libre - enc. tela
Holdings
Estatus retirado Estado de pérdida Estado de daño No para préstamo Biblioteca de origen Biblioteca actual Ubicación en estantería Fecha de adquisición Fuente de adquisición Total de préstamos Signatura topográfica completa Código de barras Visto por última vez Precio de reemplazo Tipo de ítem Koha
        Biblioteca del Ateneo de Madrid Biblioteca del Ateneo de Madrid Depósito 2 06/03/2017     L-31187 1197189 23/02/2023 23/02/2023 Libro impreso